The Aztec: (رقم التسجيلة. 117803)

تفاصيل مارك
000 -LEADER
fixed length control field 00815cam a22002651 4500
008 - FIXED-LENGTH DATA ELEMENTS--GENERAL INFORMATION
fixed length control field 780120s1958 nyua b 000 0 eng
010 ## - LIBRARY OF CONGRESS CONTROL NUMBER
LC control number 58012837
040 ## - CATALOGING SOURCE
Original cataloging agency DLC
Transcribing agency PCvA
Modifying agency OCoLC
-- DLC
050 00 - LIBRARY OF CONGRESS CALL NUMBER
Classification number F1219
Item number .V72
082 00 - DEWEY DECIMAL CLASSIFICATION NUMBER
Classification number 972.014
092 04 - LOCALLY ASSIGNED DEWEY CALL NUMBER (OCLC)
Classification number 972.014
Item number V9467
Edition number 21
099 ## - LOCAL FREE-TEXT CALL NUMBER (OCLC)
Classification number 04
-- 972.014 V9467
100 1# - MAIN ENTRY--PERSONAL NAME
Personal name Von Hagen, Victor Wolfgang,
Dates associated with a name 1908-
245 14 - TITLE STATEMENT
Title The Aztec:
Remainder of title man and tribe.
Statement of responsibility, etc. Illustrated by Alberto Beltran.
260 ## - PUBLICATION, DISTRIBUTION, ETC.
Place of publication, distribution, etc. [New York]
Name of publisher, distributor, etc. New American Library
Date of publication, distribution, etc. [1958]
300 ## - PHYSICAL DESCRIPTION
Extent 222 p.
Other physical details illus.
Dimensions 19 cm.
490 0# - SERIES STATEMENT
Series statement Mentor: Ancient civilizations,
Volume/sequential designation MD236
504 ## - BIBLIOGRAPHY, ETC. NOTE
Bibliography, etc. note Includes bibliography.
650 #0 - SUBJECT ADDED ENTRY--TOPICAL TERM
Topical term or geographic name entry element Aztecs.
902 ## - LOCAL DATA ELEMENT B, LDB (RLIN)
No. of Items 1
905 ## - LOCAL DATA ELEMENT E, LDE (RLIN)
Cataloger Eman
Reviser Rev.
905 ## - LOCAL DATA ELEMENT E, LDE (RLIN)
Cataloger Jamal
Reviser Cat.
942 ## - ADDED ENTRY ELEMENTS (KOHA)
Source of classification or shelving scheme Dewey Decimal Classification
Koha item type Books
المقتنيات
Source of classification or shelving scheme Not for loan Home library Current library Date acquired Full call number Barcode Date last seen Copy number Koha item type
Dewey Decimal Classification   المكتبة المركزبة الجديدة - جامعة القاهرة قاعة الانسانيات - الدور الثاني 11.02.2024 972.014 V9467 01000110193209000 23.09.2023 C.1 Books
Cairo University Libraries Portal Implemented & Customized by: Eng. M. Mohamady Contacts: new-lib@cl.cu.edu.eg | cnul@cl.cu.edu.eg
CUCL logo CNUL logo
© All rights reserved — Cairo University Libraries
CUCL logo
Implemented & Customized by: Eng. M. Mohamady Contact: new-lib@cl.cu.edu.eg © All rights reserved — New Central Library
CNUL logo
Implemented & Customized by: Eng. M. Mohamady Contact: cnul@cl.cu.edu.eg © All rights reserved — Cairo National University Library